Religion in South Asia: (Record no. 39050)
[ view plain ]
| 000 -LEADER | |
|---|---|
| fixed length control field | 00518nam a22001337a 4500 |
| 020 ## - INTERNATIONAL STANDARD BOOK NUMBER | |
| ISBN | 9780700701032 |
| 082 ## - DEWEY DECIMAL CLASSIFICATION NUMBER | |
| Classification number | 297.4 |
| Item number | REL- |
| 245 ## - TITLE STATEMENT | |
| Title | Religion in South Asia: |
| Sub Title | Religious Conversion and Revival Movements in south Asia in Medieval and Modern times |
| Statement of responsibility, etc | By G.A. Oddie |
| 260 ## - PUBLICATION, DISTRIBUTION, ETC. (IMPRINT) | |
| Place of publication | New Delhi : |
| Name of publisher | Manohar, |
| Year of publication | 2023. |
| 300 ## - PHYSICAL DESCRIPTION | |
| Number of Pages | viii,204p. |
| 520 ## - SUMMARY, ETC. | |
| Summary, etc | Religion in South Asia: Religious Conversion and Revival Movements in South Asia in Medieval and Modern Times |
| 700 ## - ADDED ENTRY--PERSONAL NAME | |
| Personal name | Oddie, G,A. |
| Relator term | editor. |
| 942 ## - ADDED ENTRY ELEMENTS (KOHA) | |
| Source of classification or shelving scheme | Dewey Decimal Classification |
| Koha item type | Books |
| Withdrawn status | Lost status | Damaged status | Not for loan | Home library | Current library | Date acquired | Source of acquisition | Cost, normal purchase price | Bill Date | Full call number | Accession Number | Cost, replacement price | Price effective from | Koha item type |
|---|---|---|---|---|---|---|---|---|---|---|---|---|---|---|
| NASSDOC Library | NASSDOC Library | 21/03/2024 | Rajasthani Granthagar | 718.39 | 2024-03-18 | 297.4 REL- | 54094 | 995.00 | 18/03/2024 | Books |
